Gorjačij sneg : roman /

Hlavní autor: Bondarev, Jurij Vasil‘jevič, 1924-2020
Jazyk: Ruština
Vydáno: Moskva : DOSAAF, 1976
Fyzický popis: 346 s.
Knihy
Uloženo v:
LEADER 00637nam a22002052a 4500
001 001185641
003 CZ BrMZK
005 20120621151011.0
007 ta
008 111212s1976 ru er|||||||||||rus d
040 |a ABA001  |b cze  |d ABA001  |d BOA001 
080 9 |a 882-311.6=82 
100 1 |a Bondarev, Jurij Vasil‘jevič,  |d 1924-2020  |7 jn19990210125  |4 aut 
245 1 0 |a Gorjačij sneg :  |b roman /  |c Jurij Vasil'jevič Bondarev 
260 |a Moskva :  |b DOSAAF,  |c 1976 
300 |a 346 s. 
910 |a BOA001  |b 2-0771.549 
990 |a BK 
991 |b 201112 
996 7 |b 2619515635  |c 2-0771.549  |l MZK  |r Sklad / do 1 hodiny  |n 0  |w 001219209  |u 000010  |a 1  |e BOA001  |j MZK50  |s A